Dictionary of modern economics (Record no. 479723)

000 -LEADER
fixed length control field 00375cam a22001217a 4500
008 - FIXED-LENGTH DATA ELEMENTS--GENERAL INFORMATION
fixed length control field 180718b1948 xxu||||| |||| 00| 0 eng d
082 ## - DEWEY DECIMAL CLASSIFICATION NUMBER
Classification number T1053 H789
100 ## - MAIN ENTRY--PERSONAL NAME
Personal name Horton, Byrne J., et. al.
245 ## - TITLE STATEMENT
Title Dictionary of modern economics
Statement of responsibility, etc. by Byrne J. Horton et. al.
260 ## - PUBLICATION, DISTRIBUTION, ETC.
Place of publication, distribution, etc. Washington, D.C.
Name of publisher, distributor, etc. Pub. Affairs Press
Date of publication, distribution, etc. 1948
300 ## - PHYSICAL DESCRIPTION
Extent 365p.
650 ## - SUBJECT ADDED ENTRY--TOPICAL TERM
Topical term or geographic name entry element Economics - Dictionaries
Holdings
Withdrawn status Lost status Damaged status Not for loan Permanent Location Current Location Date acquired Full call number Barcode Date last seen Price effective from Koha item type
        Indian Institute of Public Administration Indian Institute of Public Administration 2018-08-04 T1053 H789 GR1188 2018-08-04 2018-08-04 GR

Powered by Koha